000 01920nam0a2200337 4500
001 RU\NLR\bibl\5326
005 20260406051004.0
010 _a5-86981-049-3
_9300
021 _aRU
_b98-6083
_9293
035 _a(NLR Aleph) 000005184
090 _a14414
_c14414
100 _a19980825d1997 |||y0rusy50 ca
101 0 _arus
102 _aRU
105 _aa |||||||||
200 1 _aТеплофизические свойства и диаграммы альтернативных холодильных агентов
_eУчеб. пособие
_e[Для студентов всех спец.]
_fО.Б. Цветков, А.В. Клецкий, Ю.А. Лаптев
_gМ-во общ. и проф. образования Рос. Федерации, С.-Петерб. гос. акад. холода и пищ. технологий
210 _aСПб.
_cСПбГАХПТ
_d1997
215 _a95 с.
_cил.
_d20
320 _aБиблиогр.: с. 94
606 0 _aХолодильные агенты
_jРуководства,пособия и т.п. для высшей школы
_xТеплофизические свойства
_91909626
_3RU\NLR\auth\661159467
606 0 _aХолодильные агенты
_jУчебные издания для высшей школы
_xТеплофизические свойства
_91909626
_3RU\NLR\auth\661159467
686 _aЗ392-032я73-1
686 _aЗ311.1я73-1
700 1 _4070
_8rus
_7ca
_aЦветков
_bО. Б.
_cд-р техн. наук
_gОлег Борисович
_3RU\NLR\auth\772223
_9112239
701 1 _4070
_8rus
_7ca
_aКлецкий
_bА. В.
_gАлександр Владимирович
_3RU\NLR\auth\776368
_9116322
701 1 _4070
_8rus
_7ca
_aЛаптев
_bЮ. А.
_gЮрий Александрович
_3RU\NLR\auth\772224
_9112240
801 0 _aRU
_bNLR
_c19980825
_gPSBO
801 1 _aRU
_bNLR
_c19980825
852 _aNLR
_j98-4/1296
942 _cBOOK
980 _aNB